Les 20 joueurs les plus décisifs en Liga. - Statistiques

Statistiques générales
  • Ce quiz a été pris 95 fois
  • Le résultat moyen est 11 sur 20
Statistiques - réponses
G+A Joueurs Clubs Nationalités % Correct
248 Antoine Griezmann Real sociedadAtletico Barca France
100%
398 Cristiano Ronaldo Real Portugal
100%
252 Luis Suarez BarcaAtletico Uruguay
100%
343 Karim Benzema Real France
99%
666 Lionel Messi Barca Argentine
99%
212 Samuel Eto'o RealMajorque Barca Cameroun
88%
233 David Villa SaragosseValence Barca Atletico Espagne
77%
170 Raul Real Espagne
77%
166 Xavi Barca Espagne
59%
163 Diego Forlan VillarrealAtletico Uruguay
56%
192 Iago Aspas CeltaSeville Espagne
53%
142 Gonzalo Higuain Real Argentine
47%
217 Aritz Aduriz BilbaoMajorque Valence Espagne
37%
142 Gerard Moreno VillarrealEspanyol Espagne
29%
181 Joaquin BetisValence Malaga Espagne
18%
146 Alvaro Negredo AlmeriaSeville Valence Cadiz Espagne
17%
165 Roberto Soldado RealOsasuna Getafe Valence Villarreal Grenade Levante Espagne
17%
163 Raul Garcia OsasunaBilbao Atletico Espagne
15%
140 Dani Parejo RealGetafe Valence Villarreal Espagne
14%
142 Sergio Garcia BarcaLevante Saragosse Betis Espanyol Espagne
11%
Aucun quiz correspondant
Distribution des résultats
% des personnes avec chaque résultat
Percentile par nombre de réponses
Votre historique - résultats
Vous n’avez pas pris ce quiz